02620nam a2200241Ia 45000010005000000080041000050100009000460410014000550820014000692450169000832600018002523000007002705200007002776300016002846300013003006300030003136300031003436300039003746500016004137000031004297000052004605201866005124588241029s9999 xx 000 0 und d a4328 aEspañol aNO APLICA 0aAnálisis de las estrategias de enseñanza-aprendizaje, aplicadas en la asignatura Fundamentos de Historia Social Dominicana Sede Central UASD, (semestre 2012-2). aSanto Domingo a70 a18 aAprendizaje aDocentes aEstrategia de Aprendizaje aNecesidades de Aprendizaje aProceso de Enseñanza-Aprendizaje aAprendizaje easesoraDe la Crúz, Juan eautoraTavéras Rodríguez , Sandra Faustina  aEl estudio se planteó como objetivo principal, analizar las estrategias utilizadas por los docentes en el proceso de enseñanza-aprendizaje de la asignatura: Fundamentos de Historia Social Dominicana (HIS-0110), para determinar si su aplicación contribuye al logro de un aprendizaje significativo. La presente investigación es exploratoria y descriptiva, fundamentada en los métodos: guía de observación directa, aplicación de cuestionarios y revisión documental. Se trabajó con una muestra de veinticinco (25) docentes y ciento ochenta, y siete (187) estudiantes.  El estudio concluyó, que los docentes de la Escuela de Historia y Antropología, hacen esfuerzos importantes por implementar estrategias dinámicas, democráticas y participativas, en el proceso de enseñanza-aprendizaje de la asignatura Fundamentos de Historia Social Dominicana. No obstante, es importante destacar que un 20% de los estudiantes, definen como aburridas y rutinarias, la forma en que se desarrolla la clase de Historia Dominicana en el aula. La superación de esa percepción negativa de los estudiantes que cursan esta asignatura, constituye un gran reto para los docentes que aún se mantienen apegados a estrategias y métodos de enseñanzas tradicionales, que no involucran a los estudiantes en su proceso de aprendizaje.   El estudio recomienda, hacer un mayor esfuerzo por incorporar a los procesos de enseñanza-aprendizaje, estrategias de enseñanzas más dinámicas, democráticas y participativas, como los videos-forum, mapas conceptuales, uso de mapas y láminas. Así como las visitas a los museos y lugares históricos, para estimular en los estudiantes de Fundamentos de Historia Social Dominicana, un conocimiento verdaderamente significativo en sus vidas y evitar que las clases puedan parecer aburridas y rutinarias.